000 00636nam a22002417a 4500
003 UA-OsUOA
001 127291
007 ta
008 20171123b un ||||| |||| 00| 0 ukr d
100 _aЮрчук О.
090 _a82.09(477)
_bЮ83
942 _cBK
040 _aUA-OsUOA
_bukr
_cUA-OsUOA
_dUA-OsUOA
245 _aУ тіні імперії
_bмонографія
300 _a224 с.
955 _a1
041 _aukr
080 _a82.09(477)
020 _a978-966-580-322-5
260 _aК.
_bАкадемія
_c2013
650 7 _a82 Література. Літературознавство
_2UDC
999 _c414445
_d414445